Geography Quiz

Random Geography or Flags Quiz

Rainbow Geography Quiz Stats

 Plays Quiz not verified by Sporcle

Support Sporcle.
Go Orange.
Score 0/37 Timer 05:00
1 Play Today
Hint Answer % Correct
Current (as of 2020) Communist Countries.

China
91.9%
The oldest known indigo-dyed cloth was discovered in Peru. Name the countries that border Peru.Brazil
86.3%
The oldest known indigo-dyed cloth was discovered in Peru. Name the countries that border Peru.Chile
84.8%
Nations that border the country which was home to the Orange Revolution.Russia
82.3%
The oldest known indigo-dyed cloth was discovered in Peru. Name the countries that border Peru.Colombia
79.3%
The oldest known indigo-dyed cloth was discovered in Peru. Name the countries that border Peru.Bolivia
78.5%
Current (as of 2020) Communist Countries.

North Korea
78.5%
The oldest known indigo-dyed cloth was discovered in Peru. Name the countries that border Peru.Ecuador
77.5%
Name the United States which contain Yellowstone National Park.Montana
75.6%
Name the United States which contain Yellowstone National Park.Wyoming
74.7%
Name the United States which contain Yellowstone National Park.Idaho
73.8%
United States containing the Blue Ridge Mountains.

Virginia
71.7%
United States containing the Blue Ridge Mountains.

West Virginia
70.2%
Current (as of 2020) Communist Countries.

Cuba
70%
United States containing the Blue Ridge Mountains.

North Carolina
70%
United States containing the Blue Ridge Mountains.

South Carolina
68.9%
United States containing the Blue Ridge Mountains.

Georgia
68%
United States containing the Blue Ridge Mountains.

Tennessee
64.6%
Current (as of 2020) Communist Countries.

Vietnam
62.9%
Hint Answer % Correct
Nations that border the country which was home to the Orange Revolution.Belarus
58.2%
United States containing the Blue Ridge Mountains.

Pennsylvania
57.5%
United States containing the Blue Ridge Mountains.

Maryland
57.4%
Nations that border the country which was home to the Orange Revolution.Poland
56.8%
Nations that border the country which was home to the Orange Revolution.Romania
55%
Nations that border the country which was home to the Orange Revolution.Hungary
48.6%
Nations that border the country which was home to the Orange Revolution.Moldova
47.9%
Nations that border the country which was home to the Orange Revolution.Slovakia
46.8%
Current (as of 2020) Communist Countries.

Laos
43.1%
Countries with flags containing only green and one other color.

Nigeria
38.1%
Countries with flags containing only green and one other color.

Pakistan
37%
Countries with flags containing only green and one other color.

Saudi Arabia
36.6%
Name the United States that have a genus of the Viola plant (Violet) as their official state flower.New Jersey
30.5%
Name the United States that have a genus of the Viola plant (Violet) as their official state flower.Illinois
28.8%
Countries with flags containing only green and one other color.

Bangladesh
24.4%
Name the United States that have a genus of the Viola plant (Violet) as their official state flower.Wisconsin
22%
Name the United States that have a genus of the Viola plant (Violet) as their official state flower.Rhode Island
20.4%
Countries with flags containing only green and one other color.

Morocco
11.4%

You're not logged in!

Compare scores with friends on all Sporcle quizzes.
OR
Log In

From the Vault

US Presidents by Picture

by baseball4825

We really miss presidents with facial hair. They really need to make a comeback.
Remove Ads.
Support Sporcle.
Get the best of Sporcle when you Go Orange. This ad-free experience offers more features, more stats, and more fun while also helping to support Sporcle. Thank you for becoming a member.

Show Comments

Extras

Top Quizzes Today


Score Distribution

Your Account Isn't Verified!

In order to create a playlist on Sporcle, you need to verify the email address you used during registration. Go to your Sporcle Settings to finish the process.

Report this User

Report this user for behavior that violates our Community Guidelines.

Details: